| 000 | 01169cam a2200265 a 4500 | ||
|---|---|---|---|
| 001 | 3088605 | ||
| 005 | 19990322143700.8 | ||
| 008 | 980615s1999 nyu b 001 0 eng | ||
| 010 | _a98027127 | ||
| 020 | _a0231111509 (CL : acidfree paper) | ||
| 020 | _a0231111517 (PA : acidfree paper) | ||
| 040 |
_aDLC _cDLC _dDLC |
||
| 050 | 0 | 0 |
_aJZ1251 _b.H35 1999 |
| 082 | 0 | 0 |
_a320.12 _221 _bHAL |
| 100 | 1 |
_aHall, Rodney Bruce, _d1960- _96654 |
|
| 245 | 1 | 0 |
_aNational Collective Identity : _bSocial Constructs and International Systems / _cRodney Bruce Hall. |
| 260 |
_aNew York : _bColumbia University Press, _cc1999. |
||
| 300 |
_axv, 397 p. ; _c24 cm. |
||
| 504 | _aIncludes bibliographical references (p. [347]-364) and index. | ||
| 650 | 0 |
_aInternational relations and culture. _96655 |
|
| 650 | 0 |
_aInternational relations _xPhilosophy. _96656 |
|
| 942 |
_2ddc _cBB |
||
| 999 |
_c11952 _d11952 |
||